000 00621nam a2200217Ia 4500
001 1580
003 GE_BSU
008 181216s||||||||xx |||||||||||||| ||und||
040 _cGE_BSU
080 _a628(035)
100 _aЖуравлев, Б.А.
245 _aСправочник молодого слесаря сантехника.
250 _aИзд. 3-ье,перер. и доп.
260 _aМ.
260 _bВысш. шк.
260 _c1980.
300 _a200 стр. 19 см.
541 _h5 л.
653 _aСправочник молодого слесаря сантехника.
942 _cBK
999 _c35707
_d35707